000
00337nam a2200133Ia 4500
008
231221s9999 xx 000 0 und d
020
_a
978-0-387-30162-4
041
_a
English
100
_a
Ming-Yang Kao
245
0
_a
Encyclopedia of Algorithms
260
_c
2008
_b
Springer US
_a
New York
650
_a
Computer Science
942
_c
EB
999
_c
218104
_d
218104